000 00508nam a2200169Ia 4500
008 090711s9999 xx 000 0 und d
082 _b33586
100 _aतेंडुलकर विजय
245 _aभाऊ मुरारराव
260 _c1975
300 _a72
600 _aतेंडुलकर विजय
630 _aभाऊ मुरारराव
700 _aतेंडुलकर विजय
730 _aभाऊ मुरारराव
942 _cBOOK
999 _c306069
_d306069